Rugby quiz- Women player's red roses - Statistics

General Stats
  • This quiz has been taken 84 times
  • The average score is 4 of 6
Answer Stats
Question Answer % Correct
Who is the England red roses number 15 Ellie Kildunne
93%
Who is the current red roses Head coach John Mitchell
82%
What position does Marlie Packer play? Flanker
67%
How many times has England Red roses won a world cup 2
64%
What position does Abby ward play Lock/Back row
64%
How many times have England won the women six nations 18
37%
No matching quizzes found
Score Distribution
Percent of People with Each Score
Percentile by Number Answered
Your Score History
You have not taken this quiz